Statistics for Ratt Songs Quiz

Click here to take the quiz!

General Stats

  • This quiz has been taken 37 times
    (35 since last reset)
  • The average score is 26 of 91

Answer Stats

HintAnswer% Correct
Round and Round
95%
Back For More
68%
Back For More
68%
Out of the CellarWanted Man
68%
Lack of Communication
63%
Lay it Down
58%
Invasion of Your PrivacyYou're in Love
58%
Way Cool Jr
53%
Body Talk
47%
Lovin' You's a Dirty Job
47%
Shame Shame Shame
47%
Slip of the Lip
47%
The Morning After
47%
Reach For The SkyCity to City
42%
Dancing UndercoverDance
42%
Give it All
42%
Givin' Yourself Away
42%
Scene of the Crime
42%
Chain Reaction
37%
I Want a Woman
37%
Never Use Love
37%
Seventh Avenue
37%
She Wants Money
37%
Ratt (EP)Sweet Cheater
37%
You Think You're Tough
37%
Between the Eyes
32%
Closer to My Heart
32%
Dangerous But Worth the Risk
32%
Drive Me Crazy
32%
Enough is Enough
32%
Got Me On The Line
32%
I'm Insane
32%
DetonatorIntro to Shame
32%
In Your Direction
32%
Looking For Love
32%
Walkin' The Dog
32%
What You Give is What You Get
32%
You Should Know By Now
32%
It Doesn't Matter
26%
One Good Lover
26%
One Step Away
26%
Take a Chance
26%
Top Secret
26%
Top Secret
26%
What I'm After
26%
You're In Trouble
26%
All or Nothing
21%
Bottom Line
21%
Can't Wait on Love
21%
Diamond Time Again
21%
Don't Bite the Hand That Feeds
21%
InfestationEat Me Up Alive
21%
Hard Time
21%
Heads I Win, Tails You Lose
21%
Last Call
21%
Lost Weekend
21%
Ratt & Roll 81-91Nobody Rides For Free
21%
Scratch That Itch
21%
CollageSteel River
21%
Tell The World
21%
U Got It
21%
What's it Gonna Be
21%
A Little Too Much
16%
As Good As It Gets
16%
Best of Me
16%
Don't Let Go
16%
Dr Rock
16%
Garden of Eden
16%
Gave Up Givin' Up
16%
It Ain't Easy
16%
I Want to Love You Tonight
16%
Look Out Below
16%
Luv Sick
16%
No Surprise
16%
RattOver the Edge
16%
Ratt Madness
16%
Infestation (Japan & iTunes only)Scatter
16%
Take a Big Bite
16%
Take Me Home
16%
Tug of War
16%
All the Way
11%
Breakout
11%
Dead Reckoning
11%
Live For Today
11%
Mother Blues
11%
So Good, So Fine
11%
We Don't Belong
11%
Hold Tight
5%
I Want it All
5%
Collage (Japan only)She's Got Everything
5%
Take It Anyway
5%

Score Distribution

Percentile by Number Answered

Percent of People with Each Score

Your Score History

You have not taken this quiz since the last reset